United Nations Sovereign States - Statistics

General Stats
  • This quiz has been taken 46 times
  • The average score is 12 of 15
Answer Stats
Question Answer % Correct
Republic of Cyprus Yes
100%
Greenland No
92%
Hong Kong No
92%
Aland No
92%
Northern Cyprus No
92%
Transnistria No
92%
Israel Yes
92%
Cook Islands No
83%
Western Sahara No
83%
Somaliland No
83%
Taiwan No
75%
Scotland No
75%
Kosovo No
67%
Vatican City Yes
42%
Palestine Yes
17%
No matching quizzes found
Score Distribution
Percent of People with Each Score
Percentile by Number Answered
Your Score History
You have not taken this quiz